FASCIOLA IN CATTLE AT ANLONG TNOUT COMMUNE,KRAKOR DISTRICT,PURSAT PROVINCE,ករណីFASCIOLAលើគោក្នុងឃុំអន្លង់ត្នោត ស្រុកក្រគរ ខេត្តពោធិ៍សាត់ (Record no. 20399)

000 -LEADER
fixed length control field 00654nam a22001577a 4500
003 - CONTROL NUMBER IDENTIFIER
control field LRUA
005 - DATE AND TIME OF LATEST TRANSACTION
control field 20220830103626.0
008 - FIXED-LENGTH DATA ELEMENTS--GENERAL INFORMATION
fixed length control field 220830b xxu||||| |||| 00| 0 eng d
040 ## - CATALOGING SOURCE
Transcribing agency RUA
082 ## - DEWEY DECIMAL CLASSIFICATION NUMBER
Edition number VEM PAK 2019 B1-558 Or.
100 ## - MAIN ENTRY--PERSONAL NAME
9 (RLIN) 15159
Personal name PAK SOKUNTHEARY,ប៉ាក សុគុន្ធារី
245 ## - TITLE STATEMENT
Title FASCIOLA IN CATTLE AT ANLONG TNOUT COMMUNE,KRAKOR DISTRICT,PURSAT PROVINCE,ករណីFASCIOLAលើគោក្នុងឃុំអន្លង់ត្នោត ស្រុកក្រគរ ខេត្តពោធិ៍សាត់
260 ## - PUBLICATION, DISTRIBUTION, ETC. (IMPRINT)
Place of publication, distribution, etc. phnom penh
Name of publisher, distributor, etc. rua
Date of publication, distribution, etc. 2019
300 ## - PHYSICAL DESCRIPTION
Extent viii.34p.
Other physical details ill.
Dimensions 29cm.
942 ## - ADDED ENTRY ELEMENTS (KOHA)
Source of classification or shelving scheme
Koha item type VEM
Holdings
Price effective from Date last seen Permanent Location Not for loan Date acquired Source of classification or shelving scheme Koha item type Barcode Lost status Damaged status Shelving location Withdrawn status Current Location Full call number
2022-08-302022-08-30Library Block B 2022-08-30 VEMA070359  B1.558 Library Block BVEM PAK 2019 B1-558 Or.
2022-08-302022-08-30Library Block B 2022-08-30 VEMA070387  B1.558 Library Block BVEM PAK 2019 B1-558 Or.
2022-08-302022-08-30Library Block B 2022-08-30 VEMA070363  B1.558 Library Block BVEM PAK 2019 B1-558 Or.
2022-08-302022-08-30Library Block B 2022-08-30 VEMA070596  B1.558 Library Block BVEM PAK 2019 B1-558 Or.
2022-08-302022-08-30Library Block B 2022-08-30 VEMA070291  B1.558 Library Block BVEM PAK 2019 B1-558 Or.
2022-08-302022-08-30Library Block B 2022-08-30 VEMA070279  B1.558 Library Block BVEM PAK 2019 B1-558 Or.
មជ្ឈមណ្ឌលឯការនៃសាកលវិទ្យាល័យភូមិន្ទកសិកម្មចំការដូង

Powered by Koha